LDR 00659naa#a2200169#i#450# 001 EN\\bibl\120806 005 20260703041145.5 011 ## _a2227-1171 100 ## _a20260630b2026####ek#y0engy0150####ca 102 ## _aRU 200 1# _aPREVENTION OF ILLEGAL RECEIPT OF MATERNITY CAPITAL FOR IMPROVING HOUSING CONDITIONS (ARTICLE 159.2 OF THE CRIMINAL CODE OF THE RUSSIAN FEDERATION) _eJournal article 210 1# _aKazan _cKazan law institute Ministry of Internal Affairs Russian Federation _d2026 215 ## _a5 с. 608 ## _aJournal article _2local 675 ## _aМошенничество. Обман. 343.72 _z 700 #1 _aShaydullina _gEl'vira Damirovna 856 4# _avestnikkui.ru _u